|
|
|
|
| LEADER |
01435nam a22003137a 4500 |
| 001 |
28009 |
| 003 |
BD-DhAAL |
| 005 |
20140420154634.0 |
| 008 |
140420s2014 xxk b 001 0 eng |
| 020 |
|
|
|a 9781780325842 (hb)
|
| 020 |
|
|
|a 9781780325835 (pb)
|
| 040 |
|
|
|a BD-DhAAL
|c BD-DhAAL
|
| 041 |
|
|
|a eng
|
| 082 |
|
|
|2 23
|a 305.42
|
| 245 |
0 |
0 |
|a Feminisms, empowerment and development :
|b changing women's lives /
|c edited by Andrea Cornwall and Jenny Edwards.
|
| 260 |
|
|
|a London:
|b Zed books;
|c 2014
|
| 300 |
|
|
|a xi, 332 p ;
|c 22 cm.
|
| 504 |
|
|
|6 Includes bibliographical references and index.
|
| 541 |
|
|
|e 28009
|
| 650 |
|
0 |
|a Feminism
|9 4256
|
| 650 |
|
0 |
|a Power (Social sciences)
|9 4257
|
| 650 |
|
0 |
|a Women in development.
|9 4258
|
| 700 |
1 |
0 |
|a Cornwall, Andrea.
|9 444
|
| 700 |
1 |
0 |
|a Edwards, Jenny.
|9 4259
|
| 942 |
|
|
|2 ddc
|c BK
|
| 999 |
|
|
|c 14285
|d 14285
|
| 952 |
|
|
|0 0
|1 0
|2 ddc
|4 0
|6 305_420000000000000_FEM
|7 0
|9 24150
|a IGS
|b IGS
|c GEN
|d 2014-04-20
|e Development Book Agency
|g 2150.00
|l 0
|o 305.42 FEM
|p 3010028009
|r 2014-04-20
|t 1
|w 2014-04-20
|y BK
|
| 952 |
|
|
|0 0
|1 0
|2 ddc
|4 0
|6 305_420000000000000_FEM
|7 0
|9 44444
|a BRACUL
|b BRACUL
|c GEN
|d 2014-12-09
|e Development Book Agency
|g 2400.00
|l 5
|m 29
|o 305.42 FEM
|p 3010028645
|q 2026-07-06
|r 2025-07-13
|s 2025-07-13
|t 2
|w 2014-12-09
|y BK
|
| 952 |
|
|
|0 0
|1 0
|2 ddc
|4 0
|6 305_420000000000000_FEM
|7 0
|9 57533
|a BRACUL
|b BRACUL
|c GEN
|d 2016-01-06
|e Sohela Nazneen, BIGD
|l 2
|m 7
|o 305.42 FEM
|p 3010030811
|r 2019-03-03
|s 2019-01-20
|t 3
|w 2016-01-06
|y BK
|